les 100 plus gros transferts de Bundesliga - Statistiques

Statistiques générales
  • Ce quiz a été pris 46 fois
  • Le résultat moyen est 58 sur 100
Statistiques - réponses
Rang Saison Club de départ Club d'arrivée Montant Réponse % Correct
1 17/18 Borussia Dortmund Barcelona 148 000 000 M Ousmane Dembélé
100%
69 16/17 Rennes Borussia Dortmund 35 000 000 M Ousmane Dembélé
100%
2 23/24 Borussia Dortmund Real Madrid 127 000 000 M Jude Bellingham
98%
86 20/21 Birmingham Borussia Dortmund 30 150 000 M Jude Bellingham
98%
3 25/26 Bayer Leverkusen Liverpool 125 000 000 M Florian Wirtz
95%
84 25/26 Sunderland Borussia Dortmund 30 500 000 M Jobe Bellingham
95%
6 23/24 Tottenham Bayern 95 000 000 M Harry Kane
93%
5 25/26 Frankfurt Liverpool 95 000 000 M Hugo Ekitiké
93%
80 24/25 PSG Frankfurt 31 500 000 M Hugo Ekitiké
93%
7 23/24 Frankfurt PSG 95 000 000 M Randal Kolo Muani
88%
11 19/20 Atletico Madrid Bayern 80 000 000 M Lucas Hernandez
83%
37 23/24 Bayern PSG 45 000 000 M Lucas Hernandez
83%
13 15/16 Wolfsburg Manchester City 76 000 000 M Kevin De Bruyne
80%
48 25/26 Bayer Leverkusen Liverpool 40 000 000 M Jeremie Frimpong
78%
31 16/17 Schalke 04 Manchester City 52 000 000 M Leroy Sané
78%
35 20/21 Manchester City Bayern 49 000 000 M Leroy Sané
78%
15 25/26 Liverpool Bayern 70 000 000 M Luis Diaz
78%
23 22/23 Borussia Dortmund Manchester City 60 000 000 M Erling Haaland
75%
38 22/23 Bayern Barcelona 45 000 000 M Robert Lewandowski
75%
12 25/26 Leipzig Manchester United 76 500 000 M Benjamin Sesko
73%
79 23/24 RB Salzburg Leipzig 31 650 000 M Benjamin Sesko
73%
10 21/22 Borussia Dortmund Manchester United 85 000 000 M Jadon Sancho
73%
8 23/24 Leipzig Manchester City 90 000 000 M Josko Gvardiol
73%
60 21/22 Dinamo Zagreb Leipzig 36 800 000 M Josko Gvardiol
73%
4 20/21 Bayer Leverkusen Chelsea 100 000 000 M Kai Havertz
73%
21 19/20 Frankfurt Real Madrid 63 000 000 M Luka Jovic
73%
58 13/14 Borussia Dortmund Bayern 37 000 000 M Mario Gotze
73%
28 24/25 Crystal Palace Bayern 53 000 000 M Michael Olise
73%
14 24/25 Frankfurt Manchester City 75 000 000 M Omar Marmoush
73%
45 17/18 Lyon Bayern 41 500 000 M Corentin Tolisso
70%
17 22/23 Juventus Bayern 67 000 000 M Matthijs de Ligt
70%
36 24/25 Bayern Manchester United 45 000 000 M Matthijs de Ligt
70%
20 17/18 Borussia Dortmund Arsenal 63 750 000 M Pierre-Emerick Aubameyang
70%
18 25/26 Leipzig Tottenham 65 000 000 M Xavi Simons
70%
33 24/25 PSG Leipzig 50 000 000 M Xavi Simons
70%
26 24/25 Leipzig Barcelona 55 000 000 M Dani Olmo
68%
72 19/20 Dinamo Zagreb Leipzig 34 200 000 M Dani Olmo
68%
9 25/26 Stuttgart Newcastle 85 000 000 M Nick Woltemade
68%
54 18/19 Bayern Juventus 40 000 000 M Douglas Costa
65%
97 15/16 Donetsk Bayern 30 000 000 M Douglas Costa
65%
41 15/16 Schalke 04 Wolfsburg 43 000 000 M Julian Draxler
65%
62 16/17 Wolfsburg PSG 36 000 000 M Julian Draxler
65%
100 07/08 Marseille Bayern 30 000 000 M Franck Ribéry
63%
70 16/17 Borussia Dortmund Bayern 35 000 000 M Mats Hummels
63%
85 19/20 Bayern Borussia Dortmund 30 500 000 M Mats Hummels
63%
42 21/22 Leipzig Bayern 42 500 000 M Dayot Upamecano
60%
25 25/26 Borussia Dortmund Chelsea 56 000 000 M Jamie Gittens
60%
43 23/24 Napoli Bayern 42 000 000 M Kim Min Jae
60%
22 23/24 Leipzig Chelsea 60 000 000 M Christopher Nkunku
58%
16 23/24 Leipzig Liverpool 70 000 000 M Dominik Szoboszlai
58%
61 20/21 RB Salzburg Leipzig 36 000 000 M Dominik Szoboszlai
58%
39 16/17 Gladbach Arsenal 45 000 000 M Granit Xhaka
58%
53 21/22 Leipzig Liverpool 40 000 000 M Ibrahima Konaté
58%
51 23/24 RC Lens Leipzig 40 000 000 M Loïs Openda
58%
74 22/23 Liverpool Bayern 32 000 000 M Sadio Mané
58%
88 23/24 Bayern Al Nassr 30 000 000 M Sadio Mané
58%
34 19/20 Frankfurt West Ham 50 000 000 M Sébastien Haller
58%
83 22/23 Ajax Borussia Dortmund 31 000 000 M Sébastien Haller
58%
68 19/20 Stuttgart Bayern 35 000 000 M Benjamin Pavard
55%
82 23/24 Bayern Inter 31 400 000 M Benjamin Pavard
55%
55 12/13 Bilbao Bayern 40 000 000 M Javi Martinez
55%
24 18/19 Leipzig Liverpool 60 000 000 M Naby Keita
55%
29 20/21 Leipzig Chelsea 53 000 000 M Timo Werner
55%
49 24/25 Frankfurt PSG 40 000 000 M Willian Pacho
55%
57 18/19 Schalke 04 PSG 37 000 000 M Thilo Kehrer
53%
32 24/25 Fulham Bayern 51 000 000 M Joao Palhinha
50%
63 25/26 Bayern Tottenham 35 000 000 M Mathys Tel
50%
76 19/20 Borussia Dortmund PSG 32 000 000 M Abdou Diallo
48%
27 23/24 Bayer Leverkusen Aston Villa 55 000 000 M Moussa Diaby
48%
19 18/19 Borussia Dortmund Chelsea 64 000 000 M Christian Pulisic
45%
98 11/12 Schalke 04 Bayern 30 000 000 M Manuel Neuer
45%
30 25/26 Bayer Leverkusen Arsenal 52 000 000 M Piero Hincapié
45%
46 15/16 Hoffenheim Liverpool 41 000 000 M Roberto Firmino
45%
73 25/26 AS Monaco Bayer Leverkusen 32 000 000 M Eliesse Ben Seghir
43%
96 15/16 Bayer Leverkusen Tottenham 30 000 000 M Heung-min Son
43%
99 09/10 Stuttgart Bayern 30 000 000 M Mario Gomez
43%
50 23/24 Bayern Liverpool 40 000 000 M Ryan Gravenberch
43%
71 16/17 Benfica Bayern 35 000 000 M Renato Sanches
40%
92 23/24 Galatasaray Bayern 30 000 000 M Sacha Boey
40%
59 10/11 Wolfsburg Manchester City 37 000 000 M Edin Dzeko
38%
44 16/17 Borussia Dortmund Manchester United 42 000 000 M Henrikh Mkhitaryan
38%
40 19/20 Hoffenheim Newcastle 43 500 000 M Joelinton
38%
89 23/24 Lyon Leipzig 30 000 000 M Castello Lukeba
35%
93 22/23 RB Salzburg Borussia Dortmund 30 000 000 M Karim Adeyemi
35%
66 24/25 Leipzig Al Nassr 35 000 000 M Mohamed Simakan
35%
56 15/16 Juventus Bayern 39 250 000 M Arturo Vidal
33%
47 22/23 Hoffenheim Leeds 40 500 000 M Georginio Rutter
33%
87 25/26 Stuttgart Al-Ahli 30 000 000 M Enzo Millot
30%
90 23/24 Wolfsburg Borussia Dortmund 30 000 000 M Felix Nmecha
30%
65 25/26 Liverpool Bayer Leverkusen 35 000 000 M Jarell Quansah
30%
75 21/22 Bayer Leverkusen Aston Villa 32 000 000 M Leon Bailey
30%
78 14/15 Chelsea Wolfsburg 32 000 000 M André Schurrle
28%
95 16/17 Wolfsburg Borussia Dortmund 30 000 000 M André Schurrle
28%
94 21/22 PSV Borussia Dortmund 30 000 000 M Donyell Malen
28%
52 23/24 Wolfsburg Tottenham 40 000 000 M Micky van de Ven
28%
64 25/26 PSV Bayer Leverkusen 35 000 000 M Malik Tillman
25%
91 23/24 Frankfurt Napoli 30 000 000 M Jesper Lindstrom
20%
77 19/20 Hoffenheim Bayer Leverkusen 32 000 000 M Kerem Demirbay
20%
81 24/25 Mainz 05 Brighton 31 500 000 M Brajan Gruda
18%
67 21/22 Leipzig Atletico Madrid 35 000 000 M Matheus Cunha
18%
Aucun quiz correspondant
Distribution des résultats
% des personnes avec chaque résultat
Percentile par nombre de réponses
Votre historique - résultats
Vous n’avez pas pris ce quiz